Gandhi ka pragati darshan: lohia J P ke sandarbh mein (Record no. 118856)

MARC details
000 -LEADER
fixed length control field 00390nam a2200145Ia 4500
008 - FIXED-LENGTH DATA ELEMENTS--GENERAL INFORMATION
fixed length control field 230917s9999||||xx |||||||||||||| ||und||
040 ## - CATALOGING SOURCE
-- 104581
Original cataloging agency VIVEKANANDA LIBRARY
041 ## - Language
-- English
082 ## - DDC NUMBER
Classification number 320.50954 M923G
100 ## - MAIN ENTRY--PERSONAL NAME
Personal name Mandal, Mulhaya
245 #0 - TITLE STATEMENT
Title Gandhi ka pragati darshan: lohia J P ke sandarbh mein
260 ## - PUBLICATION, DISTRIBUTION, ETC. (IMPRINT)
Place of publication, distribution, etc Varanasi
Name of publisher, distributor, etc Bharat Bharti
Date of publication, distribution, etc 2003
300 ## - PHYSICAL DESCRIPTION
Pages xiii,340 p.
942 ## - ADDED ENTRY ELEMENTS (KOHA)
Koha item type Books
Holdings
Withdrawn status Lost status Damaged status Not for loan Location (home branch) Sublocation or collection (holding branch) Date acquired Koha issues (times borrowed) Koha full call number Accession No. Koha date last seen Koha item type
        VIVEKANANDA LIBRARY VIVEKANANDA LIBRARY 02/11/2004   320.50954 M923G 210780 17/09/2023 Books
© Designed and Maintained by Vivekananda Library, MDU Rohtak